LEADER 01121nam a2200193 i 4500 001 000000257533 003 CaOOAMICUS 005 20180305000000.0 008 180305s1881 it u000 u ita u 013 $a236441 040 $aSeMil$bita 245 10$aMemoria seconda :$bosservazioni dell'opposizione 1879-1880. 300 $a109 p., 6 c. di tav. ;$c31 cm. 490 0 $aReale Accademia dei Lincei ;$vAnno278. (1880-81) 773 0 $aSchiaparelli, Giovanni Virginio <1835-1910>$tOsservazioni astronomiche e fisiche sull'asse di rotazione e sulla topografia del pianeta Marte fatte nella Specola Reale di Brera in Milano coll'equatoriale di Merz durante l'opposizione del 1877.$dRoma : Coi tipi del Salviucci : [poi]... Tipografia della R. Accademia dei Lincei, 1878-1886.$kReale Accademia dei Lincei$g2$w()4689 830 0$aReale Accademia dei Lincei ;$vAnno278. (1880-81).$0(OLS)http://semarc/title/401994 850 $aSeMil 852 $aSeMil$W1$xVenegono$y1$m3W VI 24 FA$j207879$B207879$CSeMilBibl$Z2$F221423 $8I 996 $6245$aMemoria seconda :$bosservazioni dell'opposizione 1879-1880$9(OLS)http://semarc/title/412891 LEADER 00584nam a2200169 i 4500 001 000000234639 003 CaOOAMICUS 005 20141017000000.0 008 141017s1854 it u000 u ita u 013 $a213542 040 $aSeMil$bita 245 10$aVol. 1. 300 $aXX, 424 p. 773 0 $aTheiner, Augustin <1804-1874>$tStoria del pontificato di Clemente 14..$dFirenze : Tipografia di Luigi Niccolai, 1854.$g1$w()30734 850 $aSeMil 852 $aSeMil$W1$xVenegono$y1$m3A I 22 FA$j184985$B184985$CSeMilBibl$Z2$F195915 $8I 996 $6245$aVol. 1$9(OLS)http://semarc/title/13429